00646nam a2200217 a 4500001001300000003000900013005001700022008004100039020000900080082001500089245004400104260004600148300000800194500003500202650002000237710002800257902000800285942000700293952011300300999001500413nice12345678IN_TiNIC20260116012043.0070530s1969 azaa grp 000 0 eng  ac1000a017.2bMAK aJadeed Fehrist Matbooat Darul Musanafin aAzamgarh bMaktaba Darul Musanafin c1969 a16p aincludes index and biblioraphy aCatalogue-Books2 aMaktaba Darul Musanafin bSRS cBK 001040708StackRoom-aHMIbHMId2007-05-30g10.00l0o017.2 MAKp06109r2007-05-30v10.00w2007-05-30yBK c5444d5444